[Event "Match 78__120'/40"]
[Site "Zurich"]
[Date "2024.??.??"]
[Round "1"]
[White "Saitek D+ EGR 10 MHz"]
[Black "Mephisto Polgar sel. 5"]
[Result "0-1"]
[WhiteElo "1992"]
[BlackElo "1991"]
[Annotator "Utzinger,K"]
[PlyCount "77"]
[EventDate "2024.05.22"]
[EventType "match"]
[SourceVersionDate "2024.04.21"]

{[%evp 0,77,30,33,33,33,33,25,28,27,35,0,0,0,0,0,0,0,0,-7,13,26,29,34,30,37,40,34,14,-47,73,48,74,74,76,-39,-36,-78,-26,-107,-116,-116,-95,-89,-91,-93,0,-9,-20,-16,-28,-28,0,-14,-26,-37,-37,-79,-79,-64,-72,-201,-213,-406,-427,-487,-480,-593,-658,-658,-658,-658,-680,-1905,-2001,-1373,-29984,-29985,-29988,-29989]} 1. e4 e6 {Match 120'/40 | Bediener: Rolf Bühler | 22.05.2024 | 1. Partie: Schwarz (Mephisto Polgar) gewinnt | Zwischenstand: 1-0 (100%) für Mephisto Polgar / hypothetisch: 1-0 (100%) für Saitek D+ | Eröffnung: Französische Verteidigung, Steinitz Variante | Buchzüge: total 13 für Mephisto Polgar; 10 für Saitek D+ | Es kommt das fragwürdige Abspiel mit dem schwarzen Springeropfer 10...Sxb4 gegen drei Bauern aufs Brett. Derartig ungleiche Materialverhältnisse sind für unsere Oldies meistens eine zu schwierige Knacknuss. So wie die beiden Programme aus ihren Büchern entlassen werden, liegt der Vorteil im Mittelspiel ganz klar bei Weiss. Beide Programme sind aber mit der Komplexität der Stellung überfordert. Deshalb gestaltet sich die Partie recht abwechslungsreich mit verpassten Gewinn- und Ausgleichschancen. Dass am Ende der Mephisto Polgar mit seiner Bauernübermacht im Endspiel reüssiert, ist für den Saitek D+ bitter, wobei auch mitspielt, dass der weisse König nie zur Rochade kam und der weisse Turm auf h1 bis zum Partieschluss als traurige Figur auf seinem Ursprungsfeld verharrte ohne einen einzigen Zug zu machen.} 2. d4 d5 3. Nc3 Nf6 4. e5 Nfd7 5. f4 c5 6. Nf3 Nc6 7. Be3 {[#]} Qb6 {Diese früher beliebte Fortsetzung ist heute durch Alternativen wie 7...a6 oder 7...cxd4 oder 7...Le7 verdrängt worden.} 8. Na4 {Das gilt noch immer als eine kritische Variante für Schwarz, insbesondere nach der folgenden Antwort. Alternativen zum Textzug sind aber auch interessant:} (8. a3 {Die ruhige Wahl, womit das Schlagen des Bauern auf b2 vermieden wird, denn} Qxb2 $4 {führt zum Verlust der Dame nach} 9. Na4 $18 {und gewinnt}) (8. Qd2 Qxb2 9. Rb1 Qa3 10. Bb5 {und nun mit den Fortsetzungen a) 10...a6 oder b) 10...Da5 und c) 10...c4.}) 8... Qa5+ {Weniger verpflichtend ist 8...Dc7, was die kommenden Verwicklungen vermeidet.} 9. c3 cxd4 {Hier konnte Schwarz mit 9...b6 noch eine ruhigere Gangart einschalten. Nach dem Textzug 9...cxd4 ist die Antwort mehr oder weniger erzwungen, will Weiss nicht in Nachteil geraten.} (9... b5 $2 {wäre ein Schuss ins Leere} 10. Nxc5 $18 {Mit Bauerngewinn ohne Kompensation für Schwarz.}) 10. b4 $5 {***ENDE BUCH*** +/- (0.89) (71%) Stockfish 16.1 Bewertung} {[#]} Nxb4 {Alles andere führt zu weissem Vorteil.} 11. cxb4 Bxb4+ 12. Bd2 Bxd2+ 13. Nxd2 b6 {***ENDE BUCH*** +/- (1.36) (91%) Stockfish 16.1 Bewertung} ({1)} 13... O-O $5 {ist ein Vorschlag von Milen Petrov} 14. Bd3 b5 $1 {Das Ausrufezeichen von Petrov scheint hier zu optimistisch, zumindest ist das die Meinung der Engines, die nach} 15. Nb2 $16 {klaren Vorteil für Weiss sehen mit Bewertungen über 2.00 für die Antworten 15...Dc3 oder 15...Sc5 und 15...f6. Viktor Moskalenko sieht indessen eine Verstärkung für Schwarz in} Nb6 $1 16. O-O Nc4 $1 {ist aber damit inkonsequent, wenn er nach der für ihn besten Variante} 17. Bxh7+ $1 Kxh7 18. Qh5+ Kg8 19. Nf3 {schreibt: "Personally, I don't like this type of position, where my king is exposed." und mit folgender Variante fortfährt} f6 (19... g6 {von Moskalenko zu Unrecht mit ?! versehen, dabei trifft das eher auf 19...f6 zu.} 20. Qh6 Qc7 21. Nd3 $16 {mit klarem Vorteil für Weiss}) 20. exf6 {? laut Stockfish 16.1} (20. Nh4 $3 {[%mdl 128] Diese versteckte Widerlegung von 19...f6? hat Moskalenko übersehen.} Nxb2 ({a)} 20... f5 21. Rf3 $18 {tödlicher Angriff}) ({b)} 20... Qc7 21. Nd3) 21. Rf3 (21. Ng6 $1 Qd8 22. exf6 {gewinnt ebenfalls}) 21... Qd8 22. Rh3 Qe8 23. Ng6 Bd7 24. Qg4 Nc4 25. Rh8+ Kf7 26. Rxf8+ Qxf8 27. Nxf8 Rxf8 $18) 20... Qc7 21. fxg7 Qxg7 22. Rae1 $5 $44 {a typical computer game ended in a draw after 48 moves, Rajlich-Cato the Younger, playchess.com INT 2007 (Moskalenko)}) ({2)} 13... b5 {löst die schwarzen Probleme ebenso wenig.} 14. Nb2 Nc5 {Selbst bei dieser besten Antwort attestieren die Engines für Weiss einen Erwartungswert von 98% bis 99%, d.h. sehr klaren Vorteil bis schon fast gewonnen.}) {[#]Eine wichtige Stellung. Schwarz hat drei Bauern für die Figur. Es stellt sich die Frage, ob er damit genügend Kompensation hat. Für unsere Oldies ist das keine erstrebenswerte Position, weil sie damit meistens nicht zurechtkommen. Und das gilt unabhängig davon, ob sie die weissen oder schwarzen Steine führen. Die Eröffnungsbücher sollten deshalb diese kritische Stellung gar nicht zulassen.} 14. Nb2 {Die Läuferentwicklung nach d3 gilt als beste Fortsetzung. Nach dem Textzug hat Weiss praktisch nichts mehr.} (14. Bd3 $1 {mit folgenden Abspielen:} Ba6 (14... Nc5 15. Nxc5 bxc5 16. O-O c4 $2 {Ein bekannter Verlustzug} 17. Bxc4 $1 (17. Qc1 $6 Ba6 18. Re1 O-O 19. Bf1 d3 (19... Rfc8 20. Nf3 d3 21. Qe3 Bb5 {1-0 (38) Super Forte C 6 MHz sel. 4 (2009)-Mephisto Polgar sel. 5 (1981) Zürich 2024}) 20. Nb1 $2 Rab8 $19 {½-½ (107) Super Forte C 6 MHz sel. 4 (2022)-Mephisto MM V HG 550 (1982) Zurich 2019}) (17. Nxc4 $2 dxc4 18. Be4 $6 Rb8 {½-½ (40) Super Forte C 6 MHz (2022)-Mephisto MM V HG 550 (1982) Zurich 2019}) 17... dxc4 18. Nxc4 $18 {1-0 (37) Scorpio 68000 sel. 4 (2080)-Mephisto MM V HG 550 (1995) Zürich 2020}) 15. Nb2 Nc5 16. Bxa6 Qxa6 17. Qe2 Rc8 (17... Qa3 {ist nicht besser} 18. Qb5+ Ke7 19. O-O Qe3+ 20. Rf2 Rhc8 21. Nf1 Qc3 22. Rf3 {1-0 (33) Pedersen,C (2440)-Feygin,M (2546) Ohrid 2009}) 18. Qxa6 Nxa6 19. Ke2 Rc3 (19... Kd7 20. Rhc1 Rc3 21. Nd1 Ra3 22. Nb3 Nb4 23. Nxd4 $16) 20. Rhc1 Re3+ 21. Kf1 O-O 22. Nf3 f6 23. exf6 Nc5 24. Rd1 Rxf6 25. Rxd4 Ra3 26. Ke2 $16) 14... Qc3 $2 $18 {[%mdl 2] Schlecht, richtig war stattdessen 14...Sc5 mit etwa ausgeglichener Stellung.} 15. Nd3 Nc5 16. Nxc5 Qe3+ {Die Alternativen sind noch ungünstiger:} (16... bxc5 17. Bb5+ Ke7 18. O-O Qa5 19. a4 a6 20. Bd3 Rb8 21. Rc1 Bd7 22. Nb3 Qxa4 23. Nxc5 Qxd1 24. Rfxd1 a5 25. Ra1 Ra8 26. Nxd7 Kxd7 27. Bb5+ Ke7 28. Rxd4 $18) (16... Qxc5 17. Nb3 Qc3+ 18. Qd2 f6 19. Rc1 Qxd2+ 20. Kxd2 O-O 21. Nxd4 $18) 17. Be2 $2 $11 {[%mdl 32768] Umgehend revanchiert sich Weiss mit einem schlechten Zug.} (17. Qe2 {bringt Weiss auf die Gewinnstrasse} bxc5 18. Qxe3 dxe3 19. Nb3 c4 20. Nd4 g5 21. g3 gxf4 22. gxf4 Bd7 23. Ke2 Ke7 24. Kxe3 $18) 17... bxc5 18. Nf3 Qc3+ {[#]} 19. Nd2 $2 {[%mdl 32770] Nach diesem Fehler wendet sich das Blatt zugunsten von Schwarz.} (19. Kf2 $1 {hält das Gleichgewicht, was aber durch unsere Oldies unmöglich zu erkennen ist. Auch 19.Kf1 scheint für den Ausgleich zu genügen.} Qe3+ 20. Kg3 c4 21. Qxd4 Qxe2 22. Qc5 Bd7 23. Rab1 Qc2 {Gleichwertig sind 23...h5 und 23...Tc8.} (23... Qxa2 $2 24. Ra1 Qc2 25. Rhb1 $16) 24. Rb7 Qg6+ 25. Kf2 Qc2+ 26. Kg3 (26. Ke3 Qe4+ $11) 26... Qg6+ 27. Ng5 (27. Kf2 Qc2+ 28. Kg3 Qg6+ {Remis 3x}) 27... Qd3+ 28. Kh4 h6 29. Nxf7 (29. Nf3 Qe4 $11) 29... Kxf7 30. Rxd7+ Kg8 31. Rxg7+ {erzwungen} Kxg7 32. Qe7+ {und bald Remis durch Dauerschach}) 19... d3 20. Bf3 $2 {[%mdl 32768] Das verliert, während Schwarz nach 20.Tc1 noch beweisen müsste, wie er seine klare bessere Stellung zum Gewinn führt.} Qd4 {Auch 20...c4 oder 20...Tb8 sind für Weiss tödlich.} 21. Qc1 Rb8 22. Rb1 Qe3+ $2 {[%mdl 32768] Vermasselt den Sieg.} (22... Rxb1 23. Nxb1 O-O 24. Nc3 Ba6 25. Bd1 Rb8 26. Qd2 h6 27. h3 Rb4 $19) 23. Kd1 Rxb1 24. Nxb1 Qxc1+ 25. Kxc1 $15 {Schwarz steht nur noch leicht besser.} c4 $6 $11 {Vergibt auch noch seinen kleinen Vorteil. Richtig wäre 25...La6 gewesen.} 26. Nc3 $6 $15 {Nicht am besten, weil sich hier der Springer dem möglichen Angriff d5-d4 aussetzt.} (26. Kd2 Kd7 27. Ke3 f6 $11) 26... Ba6 27. Na4 $2 {Verbessert einzig die gegnerische Stellung, womit die Lage für Weiss wieder kritisch wird.} (27. Kd2 d4 28. Ne4 c3+ 29. Nxc3 dxc3+ 30. Kxc3 Kd7 31. Rc1 Rc8+ 32. Kd2 Rb8 33. Ke3 Rb2 34. a4 Rc2 35. Rb1 Kc7 36. Rb4 $11) 27... Ke7 28. Nc5 Bb5 29. a4 Rc8 $1 $17 {Diese starke Antwort hat der Saitek D+ bei 27.Sa4? wohl übersehen.} 30. Nxe6 $2 $19 {[%mdl 32768] Das verliert ohne Widerstand. Weiss musste sich auf ein schlechtes Endspiel einlassen mit 30.axb5.} (30. axb5 Rxc5 31. Kd2 Rxb5 32. Ra1 a5 33. Kc3 $16 {und auch wenn Schwarz klar besser steht, ist technisches Können notwendig, um dieses Turmendspiel zu gewinnen.}) 30... Bxa4 $19 {Jetzt sind die vielen schwarzen Bauern auf der d- bis a-Linie für Weiss absolut tödlich. Da hilft auch der folgende Bauerngewinn nichts mehr.} 31. Nxg7 c3 32. Nf5+ Kd7 33. Ne3 d2+ {Schwarz kann schon fast beliebig gewinnen.} 34. Kb1 d4 $1 {Stark gespielt. Der Mephisto Polgar erkennt, dass er sogar seinen Tc8 hergeben darf.} 35. Bg4+ Kc6 36. Nc2 ({Nach} 36. Bxc8 dxe3 {ist es ebenfalls aus} 37. Bg4 c2+ 38. Kb2 d1=Q 39. Bxd1 cxd1=Q 40. Rxd1 Bxd1 41. Kc1 e2 42. Kd2 a5 $19) 36... Rb8+ 37. Ka2 Bxc2 38. Bf3+ Kc5 {Nun wird Weiss in 6 Zügen mattgesetzt.} 39. Bd1 {***AUFGEGEBEN***} (39. Bd1 Bxd1 40. e6 fxe6 41. Rxd1 c2 42. Rxd2 c1=Q 43. Rc2+ Qxc2+ 44. Ka3 Qb3#) 0-1

[Event "Match 78__120'/40"]
[Site "Zurich"]
[Date "2024.??.??"]
[Round "2"]
[White "Mephisto Polgar sel. 5"]
[Black "Saitek D+ EGR 10 MHz"]
[Result "1-0"]
[WhiteElo "1991"]
[BlackElo "1992"]
[Annotator "Utzinger,K"]
[PlyCount "130"]
[EventDate "2024.05.22"]
[EventType "match"]
[SourceVersionDate "2024.04.21"]

{[%evp 0,130,19,38,40,6,19,21,18,9,16,16,5,23,23,44,45,29,33,29,52,42,32,33,51,68,93,82,73,54,100,74,72,87,87,14,38,62,65,68,52,52,73,40,46,50,51,48,143,133,199,212,220,205,182,302,289,345,345,381,393,257,252,220,217,234,242,221,210,208,209,226,237,228,228,199,202,164,156,158,145,181,183,163,172,149,165,115,115,92,99,110,87,89,76,61,108,79,100,65,35,-5,-11,-55,-6,23,23,4,207,249,249,233,327,437,564,594,686,683,682,692,1016,1032,1016,1060,1065,1072,1229,1422,1894,2093,2308,2092,28142]} 1. e4 c5 {Match 120'/40 | Bediener: Rolf Bühler | 2. Partie: Weiss (Mephisto Polgar) gewinnt | Zwischenstand: 2-0 (100%) für Mephisto Polgar / hypothetisch: 1,0-1,0 (je 50%) | Eröffnung: Sizilianisch, Alapin Variante | Buchzüge: total 23 für Mephisto Polgar; 20 für Saitek D+ | Eine ungemein schwierige Partie für die beiden Kontrahenten, vor allem im Endspiel. Frühzeitig, mit 12...Db6?, gerät der Saitek D+ in eine trostlose Stellung. Schon auf dem Siegerpfad, entgleitet dem Mephisto Polgar dann aber langsam die Partie und erst nach dem weiteren Fehler von Schwarz 24...Tc7?, sollte Weiss wieder obsiegen. Doch mit 46.Tf2? vergibt der Mephisto Polgar den Gewinn, um wenig später, durch 50.Tfb2? aber selbst in die Katastrophe zu stürzen. Das Drama dieser Partie nimmt aber noch kein Ende, denn nach 53...Kd4? vergibt der Saitek D+ nicht nur seine Gewinnstellung, sondern muss dem Gegner den Sieg überlassen.} 2. c3 Nf6 (2... d5 {ist die zweite Hauptfortsetzung, die zu einem ganz anderen Stellungstyp führt, eine reine Geschmackssache.} 3. exd5 Qxd5) 3. e5 Nd5 4. d4 cxd4 5. cxd4 d6 6. Nf3 Nc6 7. Bc4 e6 (7... Nb6 {ist die meist gespielte Fortsetzung.}) 8. O-O Be7 9. Qe2 O-O 10. Nc3 {***ENDE BUCH*** = (0.26) 53% (+7% =92% -1%)} Nxc3 {***ENDE BUCH*** = (0.19) 52% (+5% =94% -1%)} 11. bxc3 d5 $2 {[%mdl 32768] Ein strategischer Missgriff ist diese Abschliessung des Zentrums. Weiss erhält nun freie Hand am Königsflügel und kann dort bedeutend leichter einen Angriff einleiten. Und für den weissfeldrigen Lc8 findet sich keine gute Diagonale für die Entwicklung. Kein Wunder also, dass die Bewertung zugunsten von Weiss bei den Engines rapide ansteigt: +/- (1.51) 94% (+88% =12% -0%).} 12. Bd3 {[#]} Qb6 $2 {[%mdl 2] Nach diesem zweiten Missgriff ist die Partie für Schwarz bereits kaputt, wobei bei unseren Oldies natürlich noch fast alles passieren kann. Um das Beste aus seiner bereits ungünstigen Stellung zu machen, gab es drei brauchbare Alternativen:} (12... Bd7 {Rasche Entwicklung mit der grundsätzlichen Idee, auf der c-Linie zu spielen und zu diesem Zweck Tc8 und das Manöver Sc6-a5-c4 folgen zu lassen, z.B.} 13. Rb1 b6 14. Bf4 Na5 15. h4 $1 $16 {Das würde kein Oldie und auch nicht jeder menschliche Spieler wählen, so dass noch nichts verloren wäre.}) (12... f5 {Schliesst das Zentrum sowie die gegnerische Läuferdiagonale b1-h7 und hemmt so die weissen Angriffsgelüste. So wäre Weiss praktisch gezwungen exf6 zu spielen.} 13. exf6 gxf6 14. Rb1 $16 {und objektiv steht Weiss auch hier deutlich besser}) (12... f6 {Drückt auf das gegnerische Zentrum, hält die Spannung aufrecht und nimmt den gegnerischen Figuren das Feld g5. Je nachdem, wie es weitergeht, steht die spätere Option f6-f5 noch immer offen. Aber Weiss kann auch hier zu} 13. exf6 {greifen, wie in der Variante 12...f5 angegeben.}) 13. Rb1 {Genügend, um noch klaren Vorteil festzuhalten. Stockfish 16.1 tischt eine Gewinnvariante aus für 13.Sg5! mit + 4.50 bei ST 52, für unsere Oldies natürlich unmöglich zu erkennen.} ({Stockfish 16.1:} 13. Ng5 {Bewertung +-4.50 (100%) ST 52} h6 14. Nh7 f5 15. exf6 Rxf6 16. Qh5 Qd8 17. Nxf6+ Bxf6 18. Qg6 Ne7 19. Qh7+ Kf7 20. Be2 Qg8 21. Bh5+ Kf8 22. Qd3 Bd7 23. Re1 g6 24. Bxh6+ Kf7 25. Bg4 Nf5 26. Bf4 Qh7 27. Rab1 Bc6 28. Qe2 Re8 29. Be5 Bd8 30. c4 dxc4 31. Bf3 Bb6 32. Bxc6 bxc6 33. Qxc4 Qh4 34. Qxc6 Nxd4 35. Bxd4 Qxd4 36. Kh1 Qc5 37. Qd7+ Re7 38. Qa4 Rc7 39. Qh4 Ba5 40. Rg1 Bb6 41. Rb3 Kg7 42. Rf3 Qd4 43. Qg5 Rf7 44. Qg3 e5 45. Rxf7+ Kxf7 {[%eval 450,52] [%wdl 1000,0,0]}) 13... Qc7 14. Bg5 {Hier ist 14.Sg5 noch stärker.} Bxg5 $6 {Mehr Widerstand leistet 14...f5, s. Variante.} (14... f5 15. exf6 Bxf6 16. Rfe1 b6 17. Qd2 Qe7 18. Bxf6 Qxf6 19. Re3 $16) 15. Nxg5 {Absolut genügend, während Stockfish 16.1 die Bombe 15.Lxh7+ entkorkt, s. Variante.} ({Stockfish 16.1:} 15. Bxh7+ $3 {Bewertung +-4.85 (100%) ST 52} Kxh7 16. Nxg5+ Kg8 (16... Kg6 17. Qg4 $18) 17. Qh5 Re8 18. f4 b6 19. Rbe1 Nd8 20. Qh4 f5 21. Qh7+ Kf8 22. Qh8+ Ke7 23. Qxg7+ Nf7 24. Qxf7+ Kd8 25. Qf6+ Kd7 26. Rf3 a5 27. Nf7 Kc6 28. Nd6 Rg8 29. Nxf5 Kb7 30. Nd6+ Ka6 31. Qf7 Bd7 32. h3 Raf8 33. Qh7 a4 34. Ref1 Qd8 35. Kh2 b5 36. Rb1 Rh8 37. Qd3 Qa5 38. Rb2 Qb6 39. Rbf2 Rh5 40. Qg6 Rhh8 41. Rg3 Qd8 42. Qg5 Qxg5 43. Rxg5 Rh7 44. Rg6 Kb6 45. f5 exf5 46. Rf6 Rxf6 47. exf6 {[%eval 485,52] [%wdl 1000,0,0]}) 15... h6 {Hier ist 15...g6 bestimmt die widerstandsfähigere Verteidigung: die Wirkung des Ld3 wird eingeschränkt, die weisse Dame hat das Feld h5 nicht zur Verfügung, Schwarz hat Zeit für Kg7 und nötigenfalls Th8. Und wie ich unter dem Mephisto Phoenix getestet habe, findet der Mephisto Polgar nicht die starke Angriffsidee 16.h4 nebst h4-h5, die den Sieg bringen wird.} ({Auf} 15... g6 {spielt der unter Mephisto Phoenix getestete Polgar sel. 5 wie folgt:} 16. Qe3 (16. h4 $1 $18) 16... Qa5 $2 17. Qh3 h5 18. g4 $18 {mit Gewinnstellung}) 16. Nh7 Rd8 17. Rfc1 $2 {Ein derart passiver Zug hat in einer Angriffsstellung nichts verloren. Zwei Fortsetzungen sichern Weiss den Gewinn, wohl aber zu schwierig für unsere Oldies.} (17. Qh5 Ne7 18. Nf6+ Kf8 19. Rbe1 $18) (17. Qg4 Kh8 18. Rfe1 Ne7 19. Nf6 Qxc3 20. Re3 $18) 17... b6 18. Qg4 $1 {Hat der Mephisto Polgar nun den Braten doch noch gerochen?} Bb7 $2 {Keine gute Verteidigung. Ob Weiss den Gewinn auch nach 18...Kh8 gefunden hätte, muss offenbleiben.} 19. Nf6+ Kh8 {Viel zäher für unsere Oldies wäre 19...Kf8 zu knacken gewesen.} 20. Nh5 Rg8 21. f4 {Effizienter war 21.Te1 gefolgt von Te3. Aber auch so behält Weiss noch spürbaren Vorteil.} Ne7 22. Ng3 {Den Springer aus seiner starken Angriffsstellung zu entfernen, minimiert den weissen Vorteil beträchtlich.} Qd7 23. Rb2 Rac8 $6 (23... g6 {was den folgenden Vorstoss verhindert, verdient bei weitem den Vorzug.}) 24. f5 $1 {[#]} Rc7 $2 {[%mdl 2] Notwendig wäre 24...exf5 oder 24...Sxf5 gewesen. Nun hat Weiss wieder gewonnenes Spiel.} 25. f6 $1 $18 {sehr gut} Nf5 (25... gxf6 $4 26. Qf4 $18) 26. Bxf5 (26. Nxf5 exf5 27. Bxf5 Qd8 28. Rf2 Bc8 (28... g6 29. Qf4 Kh7 30. Bd3 $18) 29. Qh5 Bxf5 30. fxg7+ Rxg7 31. Rxf5 Kh7 32. Rcf1 Qg8 33. Qf3 Qc8 34. Rf6 Qg4 (34... Rxc3 35. Qh5 Kg8 36. Rxh6 Kf8 37. e6 $18) 35. Qxd5 $18) 26... exf5 27. Nxf5 gxf6 {Auch alles andere verliert.} 28. Qh5 {mit Mattdrohung durch Dxh6} Rg6 29. Nxh6 Kg7 30. exf6+ {Auch 30.Sf5+ gewinnt.} Rxf6 31. Ng4 Rg6 32. Ne5 {Bei Bauernplus hat Weiss noch immer die klar bessere Stellung mit unvermindert gefährlichem Angriff, so dass Schwarz sich gezwungen sieht, den Damentausch anzustreben.} Qe7 33. Rf1 ({Aber nicht} 33. Nxg6 $2 Qe3+ 34. Rf2 Qxc1+ {und Schwarz gewinnt}) 33... Qg5 34. Qxg5 {Damentausch ist eine pragmatische Lösung.} Rxg5 35. Rbf2 Rxe5 $1 {Noch die beste, aber natürlich ebenfalls ungenügende Verteidigung.} (35... f5 {ist ebenso hoffnungslos} 36. Rxf5 Rxf5 37. Rxf5 {mit zwei Mehrbauern, denn} Rxc3 $4 {scheitert an} 38. Rf7+ {und Schwarz verliert noch den Läufer auf b7.}) 36. dxe5 Ba6 37. Rc1 d4 38. Rfc2 (38. Rd2 {ist stärker, aber technisch nicht zu schaffen für unsere Oldies.} d3 39. c4 Rxc4 40. Rxc4 Bxc4 41. Kf2 b5 42. Ke3 b4 43. Kd4 Ba6 44. Rf2 Kg6 45. Kc5 Kg7 46. Kxb4 Bb7 47. Kc3 Ba6 48. g3 Kf8 49. Rf3 Ke7 50. Rxd3 Bxd3 51. Kxd3 Ke6 52. Ke4 $18) 38... d3 39. Rb2 Rc5 40. Rd2 Kg6 (40... Rxe5 41. c4 Re4 42. Rxd3 Bxc4 43. Ra3 a6 44. Rc2 $18) 41. Kf2 Kf5 42. Kg3 Kxe5 43. Rf1 $6 {Das ist ungenau und die Stellungsbewertung sinkt von "Weiss gewinnt" auf "Weiss steht besser". Aber auch hier mit 43.Tf2 eine Gewinnvariante, die zwischen zwei Oldies nie aufs Brett käme.} (43. Rf2 Ke6 44. Re1+ Kd5 45. Kf4 Rxc3 46. Ke3 Rc7 47. Ref1 Re7+ 48. Kd2 Bc4 49. a3 Kd6 50. h4 $18) 43... f5 {Hier leistet 43...Txc3 mehr Widerstand.} 44. Rc1 Rc8 45. h4 {Das Schröder-Programm setzt einen Freibauern in Bewegung.} Rc4 {[#]} 46. Rf2 $2 {[%mdl 32768] Vergibt fast seinen ganzen Vorteil. Weiss hätte voll auf seinen Freibauern auf der h-Linie setzen sollen. Bei der Gewinnführung würden sich allerdings auch starke menschliche Schachspieler die Zähne ausbeissen.} (46. Rh1 $1 Rxc3 47. h5 Rc8 (47... Rc2 48. h6 $1 $18) 48. h6 Rh8 49. h7 Bc4 50. Rh4 b5 51. Kf2 Kf6 52. Ke3 Kg5 53. Rh1 f4+ 54. Kd4 Kg6 55. Ke5 Kg5 56. a3 a5 57. Kd4 Be6 58. Rxd3 Bf5 59. Rc3 Rxh7 60. Rxh7 Bxh7 61. Rc5+ Kh4 62. Rxb5 a4 63. Rb7 Bc2 64. Rg7 Kh5 65. Ke5 Kh6 66. Kf6 Kh5 67. g3 $1 (67. g4+ $2 Kh4 $11) 67... fxg3 (67... f3 68. Rg5+ Kh6 69. Rg4 Kh7 70. Rf4 Bd1 71. g4 $18) 68. Rxg3 Kh4 69. Rg1 Kh5 70. Ke5 Bb3 71. Kd4 Be6 72. Kc3 Bb3 73. Kb4 Kh6 74. Rg3 Bd1 75. Rg8 Bb3 76. Ra8 Kg6 77. Rxa4 Bxa4 78. Kxa4 Kf6 79. Kb5 Ke6 80. Kc6 $18) 46... Bb7 47. Kh3 Be4 48. g3 b5 49. Rb1 Rxc3 $11 {[#]} 50. Rfb2 $2 {[%mdl 32770] Damit gerät nun gar Weiss in eine verlorene Stellung. Nach 50.h5 wäre das Spiel noch immer ausgeglichen.} (50. Rxb5+ Kd4 $19) ({Light 32 MPV-avx2:} 50. h5 $1 {Bewertung 0.00 (50%) bei ST 38} Rc8 51. Kh4 Rg8 52. Rxb5+ Kd4 53. h6 Rg4+ 54. Kh5 Rxg3 55. Rh2 Bf3+ 56. Kh4 Rg6 57. h7 Rh6+ 58. Kg3 f4+ 59. Kxf3 Rxh2 60. Rb7 d2 61. Kxf4 Kd3 62. Rd7+ Kc2 63. Rc7+ Kd1 64. Kg3 Rh6 65. Rxa7 Ke2 66. Re7+ Kd3 67. Rd7+ Ke3 68. Re7+ Kd3 $11 {[%eval 0,38] [%wdl 4,992,4]}) 50... a6 {Noch exakter ist 50...Tc2!} (50... Rc2 $1 51. Rxb5+ Kd4 52. h5 d2 53. Rd1 Ke3 54. g4 fxg4+ 55. Kg3 Bf3 $19) 51. h5 Rc2 $19 52. Rxc2 {Das ist chancenlos wie alles andere auch.} dxc2 53. Rf1 {[#]} Kd4 $2 {[%mdl 2] Oh weh, das dreht den Spiess vollkommen um, so dass es nun Weiss ist, der wieder gewinnt. Dabei hatte Schwarz mindestens drei Fortsetzungen, die zum Sieg genügen, nämlich 53...b4 oder 53...a5 und 53...Kf6.} 54. h6 f4 55. gxf4 Bf5+ 56. Kh4 Kc3 57. Kg5 Bd3 58. Rg1 Bh7 59. f5 a5 60. f6 Kd2 61. f7 c1=Q 62. Rxc1 Kxc1 63. f8=Q Kb1 64. Qf1+ Kc2 (64... Kxa2 65. Qf7+ Ka1 66. Qxh7) 65. Qxb5 Kc1 {***AUFGEGEBEN***} 1-0